书目信息 |
| 题名: |
西方四大批评家
|
|
| 作者: | 维勒克 , Willek 著 ;林骧华 译 | |
| 分册: | ||
| 出版信息: | 上海 复旦大学出版社 1983 |
|
| 页数: | 126页 | |
| 开本: | 19cm | |
| 丛书名: | ||
| 单 册: | ||
| 中图分类: | I0 | |
| 科图分类: | ||
| 主题词: | 文学理论 | |
| 电子资源: | ||
| ISBN: | ||
| 000 | 00763nam0 2200277 45 | |
| 001 | 0183010118 | |
| 005 | 20040425084108.0 | |
| 010 | @dCNY0.42 | |
| 091 | @a10253.007 | |
| 100 | @a19950721d1983 em y0chiy0121 ea | |
| 101 | 1 | @achi@ceng |
| 102 | @aCN@b310000 | |
| 105 | @ay rz 000yd | |
| 106 | @ar | |
| 200 | 10 | @a西方四大批评家@Axi fang si da pi ping jia@f(美)雷纳·振莱克(R.Willek)著@g林骧华译 |
| 210 | @a上海@c复旦大学出版社@d1983 | |
| 215 | @a126页@d19cm | |
| 304 | @a著者通译:R.维勒克 | |
| 606 | 0 | @a文学理论 |
| 690 | @aI0 | |
| 701 | 1 | @a维勒克@Awei le ke@b雷纳@f美@4著 |
| 701 | A1 | @aWillek@bR.@4著 |
| 702 | 0 | @a林骧华@Alin xiang hua@4译 |
| 801 | 0 | @aCN@b上海图书馆@c20040425 |
| 801 | 2 | @aCN@bNLC@c20040425 |
| 905 | @f2@b211767-768@dI0@e114 | |
| 西方四大批评家/(美)雷纳·振莱克(R.Willek)著/林骧华译.-上海:复旦大学出版社,1983 |
| 126页;19cm |
| ISBN :CNY0.42 |
| ● |
| 相关链接 |
|
|
|
|
正题名:西方四大批评家
索取号:I0/114
 
预约/预借
| 序号 | 登录号 | 条形码 | 馆藏地/架位号 | 状态 | 备注 |
| 1 | 0211767 | 000901420 | 密集书库/ [索取号:I0/114] | 在馆 | |
| 2 | 0211768 | 000901439 | 第二借阅区/ [索取号:I0/114] | 在馆 | |
| 3 | 0211769 | 000901448 | 第一样本阅览室/ [索取号:I0/114] | 在馆 |